|
|
|
|
| LEADER |
00000nam0a2200000 4500 |
| 001 |
37712 |
| 005 |
20231031004415.0 |
| 035 |
|
|
|a (RuTPU)RU\TPU\book\38302
|
| 090 |
|
|
|a 37712
|
| 100 |
|
|
|a 20020129d1987 m y0rusy50 ca
|
| 101 |
0 |
|
|a rus
|
| 102 |
|
|
|a RU
|
| 105 |
|
|
|a a z 001zy
|
| 200 |
1 |
|
|a Энергетическое оборудование блоков АЭС
|f Н. М. Кузнецов, А. А. Канаев, И. З. Копп
|
| 205 |
|
|
|a 2-е изд., испр.
|
| 210 |
|
|
|a Ленинград
|c Машиностроение
|d 1987
|
| 215 |
|
|
|a 277 с.
|c ил.
|
| 225 |
1 |
|
|a Экономия топлива и электроэнергии
|
| 320 |
|
|
|a Библиогр.: с. 260-271.
|
| 320 |
|
|
|a Алф.-предм. указ.: с. 272-274.
|
| 610 |
1 |
|
|a электроэнергетика
|
| 610 |
1 |
|
|a атомные электрические станции
|
| 610 |
1 |
|
|a теплосиловые установки
|
| 610 |
1 |
|
|a АЭС
|
| 610 |
1 |
|
|a проектирование
|
| 610 |
1 |
|
|a оборудование
|
| 610 |
1 |
|
|a мощность
|
| 610 |
1 |
|
|a эксплуатация
|
| 610 |
1 |
|
|a турбоагрегаты
|
| 610 |
1 |
|
|a конденсационные установки
|
| 610 |
1 |
|
|a ядерные энергетические установки
|
| 610 |
1 |
|
|a блоки
|
| 675 |
|
|
|a 621.311.25:621.039.002.5
|v 3
|
| 700 |
|
1 |
|a Кузнецов
|b Н. М.
|g Николай Михайлович
|
| 701 |
|
1 |
|a Канаев
|b А. А.
|g Андрей Андреевич
|
| 701 |
|
1 |
|a Копп
|b И. З.
|g Илья Зиновьевич
|
| 801 |
|
1 |
|a RU
|b 63413507
|c 20020129
|g PSBO
|
| 801 |
|
2 |
|a RU
|b 63413507
|c 20140929
|g PSBO
|
| 900 |
|
|
|a Энергооборудование ядерных энергетических установок
|
| 942 |
|
|
|c BK
|